Statuettes of the art deco period.

Guardat en:
Dades bibliogràfiques
Autor principal: Shayo, Alberto (Autor)
Format: Llibre
Idioma:anglès
Publicat: Woodbridge, Suffolk, United Kingdom: ACC Art Books Ltd., 2016.
Matèries:
Etiquetes: Afegir etiqueta
Sense etiquetes, Sigues el primer a etiquetar aquest registre!

MARC

LEADER 00000nam a22000007a 4500
003 CL-VaPUC
005 20220822114451.0
008 220602b2016 ||||| |||| 00| 0 eng d
999 |c 435763  |d 435761 
020 |a 978-185 149 824 6 
040 |c Pontificia Universidad Católica de Valparaíso 
082 7 |a 735.232 SHA 2016  |2 22 
100 1 |a Shayo, Alberto   |e author  |9 870118 
245 |a Statuettes of the art deco period. 
260 |a Woodbridge, Suffolk, United Kingdom:  |b ACC Art Books Ltd.,   |c 2016. 
300 |a 304 páginas:  |b ilustraciones a color.  
500 |a c.1 Donación Familia Prof. Alejandro Guzmán Brito. 
583 |c 20220602  |k Cristina María Rojas Aguilar 
650 |a Art deco  |x Figurillas   |9 870119 
942 |2 ddc  |c BK  |n 0 
952 |0 0  |1 0  |2 ddc  |4 0  |6 735_232000000000000_SHA_2016  |7 1  |8 C_AGB  |9 583364  |a BIBDER  |b BIBDER  |d 2022-06-02  |i 5651457  |o 735.232 SHA 2016  |p 5651457  |r 2023-01-25  |t 1  |w 2022-06-02  |y BK_US  |k AGB